Sedlák, Vincent Monumenta Vaticana Slovaciae. Tomus I. Rationes collectorum pontificiorum in annis 1332 - 1337

Podrobná bibliografia
Hlavný autor: Marek, Miloš, 1972- (Autor)
Médium: Článok
Jazyk:slovenčina

MARC

LEADER 00000nab a2200000 a 4500
001 vtls011123203
003 SK-MaSNL
005 20260304030156.0
008 250310|2010 xo |||||||||||||||||slo|
015 |a SNBRB 
035 |a (uuid)3704eb3c-e0f6-4b97-9673-613e064b5a0a 
035 |a (urnnbn)urn:nbn:sk:snk:ar-a090st 
035 |a urn:nbn:sk:snk-ab9vkj 
040 |a SNKBUCL  |b slo  |c SNKBUCL  |e AACR2 
041 0 |a slo 
044 |a xo  |c SK 
100 1 |a Marek, Miloš,  |d 1972-  |4 aut  |9 212300 
245 1 0 |a Sedlák, Vincent Monumenta Vaticana Slovaciae. Tomus I. Rationes collectorum pontificiorum in annis 1332 - 1337  |c Miloš Marek 
773 0 |t Historický zborník  |g Roč. 20, č. 1 (2010), s. 203-205 
958 |a OND 
958 |a EUIPO 
958 |a article13 
999 |c 2632219  |d 2634149